<?xml version="1.0" encoding="utf-8"?>
<?xml-stylesheet type='text/xsl' href='./oai2.xsl'?>
<OAI-PMH xmlns="http://www.openarchives.org/OAI/2.0/" xmlns:xsi="http://www.w3.org/2001/XMLSchema-instance" xsi:schemaLocation="http://www.openarchives.org/OAI/2.0/ http://www.openarchives.org/OAI/2.0/OAI-PMH.xsd">
  <responseDate>2026-04-29T06:33:37Z</responseDate>
  <request verb="GetRecord" metadataPrefix="marcxml" identifier="isil_DE-35_massstap_00052391">https://kulturerbe.niedersachsen.de/oai</request>
  <GetRecord>
    <record>
      <header>
        <identifier>isil_DE-35_massstap_00052391</identifier>
        <datestamp>2014-04-29T09:43:04Z</datestamp>
        <setSpec>slg0025</setSpec>
      </header>
      <metadata>
        <marc:record xmlns:marc="http://www.loc.gov/MARC21/slim" xsi:schemaLocation="http://www.loc.gov/MARC21/slim http://www.loc.gov/standards/marcxml/schema/MARC21slim.xsd">
          <marc:leader>12345npm  22     uu 4500</marc:leader>
          <marc:controlfield tag="001">massstap_00052391</marc:controlfield>
          <marc:controlfield tag="005">2014-04-29T11:43:04</marc:controlfield>
          <marc:controlfield tag="008">|           ||||||||||||||||||||||</marc:controlfield>
          <marc:datafield tag="245" ind1="1" ind2="0">
            <marc:subfield code="a">Stapeliae novae or A. Collection of several New Species of that Genus : Discovered in the Interior Parts of Africa</marc:subfield>
          </marc:datafield>
          <marc:datafield tag="720" ind1=" " ind2=" ">
            <marc:subfield code="a">Masson</marc:subfield>
          </marc:datafield>
          <marc:datafield tag="720" ind1=" " ind2=" ">
            <marc:subfield code="a">Wendland</marc:subfield>
          </marc:datafield>
          <marc:datafield tag="655" ind1=" " ind2="7">
            <marc:subfield code="a">Grafik</marc:subfield>
          </marc:datafield>
          <marc:datafield tag="046" ind1=" " ind2=" ">
            <marc:subfield code="k">1814</marc:subfield>
            <marc:subfield code="k">1814 (Abschrift)</marc:subfield>
          </marc:datafield>
          <marc:datafield tag="260" ind1=" " ind2=" ">
            <marc:subfield code="a">vermutlich Wien oder Herrenhausen</marc:subfield>
            <marc:subfield code="g">1814</marc:subfield>
            <marc:subfield code="g">1814 (Abschrift)</marc:subfield>
          </marc:datafield>
          <marc:datafield tag="300" ind1=" " ind2=" ">
            <marc:subfield code="a">69 Bl. Zeichnungen: 41 (2 gefaltetete) Aquarelle (Bleistift und Wasserfarbe) von Heinrich Ludolph Wendland nach den Farbtafeln des Originals</marc:subfield>
          </marc:datafield>
          <marc:datafield tag="520" ind1=" " ind2=" ">
            <marc:subfield code="a">Projektbezogene Teildigitalisierung

Von Heinrich Ludolph Wendland [1792-1869] angefertigte sorgfältige Abschrift mit von ihm gezeichneten Aquarellen nach den Farbtafeln des Originals: Masson, Francis: Stapelia novae, or a collection of several new species of that genus discovered in the interior of Afrika. London 1796.- Bl. 2. Titel, Eintrag von Heinrich Ludolph Wendland: Fecit H.L.Wendland.1814 . Bl. 3. Widmung an den König Georg III von Großbritannien, Bl. 4-6. Vorwort, Bl. 6v-67. Beschreibungen und Abbildungen von 41 Stapelia-Arten, Bl. 68. Inhaltsverzeichnis. Systematik: Klasse: Magnoliophyta, Unterklasse: Asteridae (Asternähnliche), Ordung: Gentianales (Enzianartige), Familie: Apocynaceae (Hundsgiftgewächse), Unterfamilie: Asclepiadoideae (Seidenpflanzengewächse), Tribus: Ceropegieae, Untertribus: Stapeliinae, Gattung: Stapelia (Aasblumen), Art: (Nr. 1-41; Zeichnungen).

Physische Beschreibung:
Zusammensetzung der Handschrift: Text beidseitig (Vorder- und Rückseite); Zeichnungen auf jeweils einem Blatt (Rückseite unbeschrieben).- Einband: Halbleder mit farbigem Rückenschild und Rückenvergoldung</marc:subfield>
          </marc:datafield>
          <marc:datafield tag="500" ind1=" " ind2=" ">
            <marc:subfield code="a" />
          </marc:datafield>
          <marc:datafield tag="856" ind1=" " ind2=" ">
            <marc:subfield code="u">http://digitale-sammlungen.gwlb.de/gwlb/docs/00052391-1.pdf</marc:subfield>
          </marc:datafield>
          <marc:datafield tag="650" ind1="1" ind2=" ">
            <marc:subfield code="a">Abschrift/Excerpt</marc:subfield>
          </marc:datafield>
          <marc:datafield tag="773" ind1="0" ind2=" ">
            <marc:subfield code="t">Königliche Gartenbibliothek Herrenhausen – Grafiken, Pläne und weitere Materialien</marc:subfield>
          </marc:datafield>
          <marc:datafield tag="852" ind1=" " ind2=" ">
            <marc:subfield code="a">Gottfried Wilhelm Leibniz Bibliothek - Niedersächsische Landesbibliothek</marc:subfield>
          </marc:datafield>
          <marc:datafield tag="" ind1=" " ind2=" ">
            <marc:subfield code="a">Public Domain Mark 1.0</marc:subfield>
          </marc:datafield>
          <marc:datafield tag="" ind1=" " ind2=" ">
            <marc:subfield code="a">Dieses Exponat kann nur nach vorheriger Rücksprache zur Verfügung gestellt werden.</marc:subfield>
          </marc:datafield>
        </marc:record>
      </metadata>
    </record>
  </GetRecord>
</OAI-PMH>
